000 00521ntaaa2200193 4500
003 01
005 20251027202627.0
008 0714s1973 ag 01
040 _aAR-BaBN
_bspa
_cAR-BaBN
_eaacr
_dRIC
082 _a371.3000 Ea8
100 _aEavey, C.B.
_92642
245 _aHow to be an effective Sunday school teacher
250 _a1 ed.
260 _aGrand Rapids :
_bZondervan Publishing House,
_cc1955, 1963
300 _a89 p
500 _aComo ser un maestro efectivo
650 _apedagogĂ­a
_91020
942 _cBK
999 _c21422
_d21422